Central Library and Information Centre
Sibsagar Girls' College, Sivasagar : Assam

SIKHYA TATTWA PRARAMBHIKA (Record no. 18332)

MARC details
000 -LEADER
fixed length control field 00452cam a2200181ua 4500
008 - FIXED-LENGTH DATA ELEMENTS--GENERAL INFORMATION
fixed length control field 120502n1973 II |||gr||||Z||||||asm
040 ## - CATALOGING SOURCE
Original cataloging agency MAIN
041 ## - LANGUAGE CODE
-- English
082 ## - DEWEY DECIMAL CLASSIFICATION NUMBER
Classification number 370 GOS
100 ## - MAIN ENTRY--PERSONAL NAME
Personal name GOSWAMI, ANANDA CH. & OTHERS.
245 ## - TITLE STATEMENT
Title SIKHYA TATTWA PRARAMBHIKA
250 ## - EDITION STATEMENT
Edition statement 2ND.
260 ## - PUBLICATION, DISTRIBUTION, ETC.
Place of publication, distribution, etc. DIBRUGARH
Name of publisher, distributor, etc. DIBRUGARH UNIVERSITY COORDINATION COMMITTEE
Date of publication, distribution, etc. 1973
300 ## - PHYSICAL DESCRIPTION
Extent 176:
Dimensions 21CM.
942 ## - ADDED ENTRY ELEMENTS (KOHA)
Koha item type Books
653 ## - INDEX TERM--UNCONTROLLED
Uncontrolled term Education
Holdings
Withdrawn status Lost status Damaged status Not for loan Collection code Home library Current library Shelving location Date acquired Full call number Barcode Date last seen Copy number Price effective from Koha item type
        TBEDU Central Library and Information Centre Sibsagar Girls College Central Library and Information Centre Sibsagar Girls College Education Reck 27.02.2020 370 GOS B157 27.02.2020 1 27.02.2020 Books


Sibsagar Girl's College © 2020. All rights reserved.
Powered by Koha.
Maintained by Abhijit Borpuzari.